| 000 | 01400nam2a22003371 4500 | ||
|---|---|---|---|
| 001 | v19\rc\1925070 | ||
| 005 | 20251118180602.7 | ||
| 035 | _a(NLR Aleph) 005000566 | ||
| 090 |
_a6382074 _c6382074 |
||
| 100 | _a20080404d1911 u y0rusy50 ca | ||
| 101 | 0 | _arus | |
| 102 | _aRU | ||
| 105 | _ay z |||a| | ||
| 200 | 1 | _aПовести и рассказы | |
| 215 | _a469 с. | ||
| 327 | 1 | _aСодерж.: Утро помещика; Набег; Казаки; Севастополь; Рубка леса | |
| 461 | 0 |
_1001v19\rc\1925068 _12001#$aСочинения графа Л.Н. Толстого$vЧ. 2 _1700#1$3RU\NLR\AUTH\771515$7ca$aТолстой$bЛ. Н.$f1828-1910$gЛев Николаевич _95939967 _aТолстой, Л. Н. (1828-1910) _cМосква _d1911 _e12-е изд. _nТипо-лит. Т-ва И. Н. Кушнерев и К° _tСочинения графа Л. Н. Толстого _vЧ. 2 |
|
| 464 | 0 |
_12001#$aУтро помещика$aНабег$aКазаки$aСевастополь$aРубка леса _tРубка леса |
|
| 801 | 0 |
_aRU _bNLR _gpsbo |
|
| 801 | 0 |
_aRU _bRuMoRGB _2psbo |
|
| 801 | 1 |
_aRU _bProSoft-M _2rusmarc |
|
| 852 |
_aNLR _j129/1440(2) |
||
| 852 |
_aNLR _j37.9.5.2(2) |
||
| 899 |
_aRuMoRGB _jM 179/46 |
||
| 899 |
_aRuMoRGB _jM 94/318 |
||
| 899 | _aБАН | ||
| 899 | _aГПИБ | ||
| 899 | _aНБ МГУ | ||
| 942 | _cBOOK | ||
| 980 | _aNB | ||